All 10k+ cities in MIssouri on a Map - Statistics

General Stats
  • This quiz has been taken 399 times
  • The average score is 24 of 79
Answers on the Map
Answers color-coded by a green-red scale on the quiz's map according to % correct below.
 
Answer Stats
City Population % Correct
Kansas City 508,090
98%
St. Louis 301,578
98%
Springfield 169,176
88%
Jefferson City 43,228
81%
Columbia 126,254
80%
Joplin 51,762
70%
Independence 123,011
69%
St. Joseph 72,473
66%
St. Charles 70,493
60%
Branson 12,638
59%
Cape Girardeau 39,540
58%
Lee’s Summit 101,108
56%
O’Fallon 91,316
47%
Hannibal 17,108
43%
Blue Springs 58,603
41%
Ozark 21,284
40%
Rolla 19,943
40%
St. Peters 57,732
39%
Florissant 52,533
37%
Washington 14,500
36%
Chesterfield 49,999
35%
Ferguson 18,527
35%
Kirksville 17,530
34%
Wentzville 44,372
33%
Liberty 30,167
31%
Poplar Bluff 16,225
31%
Sedalia 21,725
31%
University City 35,065
31%
Nixa 23,257
29%
Kirkwood 29,461
28%
Jackson 15,481
27%
Maryland Heights 28,284
26%
Clayton 17,355
24%
Lebanon 15,013
23%
Mexico 11,469
23%
Raytown 30,012
23%
Sikeston 16,291
23%
Troy 12,686
23%
Ballwin 31,103
22%
Republic 18,750
22%
Union 12,348
22%
Warrensburg 19,337
22%
Festus 12,706
21%
Gladstone 27,063
21%
Grandview 26,209
21%
Lake St. Louis 16,707
21%
Manchester 18,333
21%
Maryville 10,633
21%
West Plains 12,184
21%
Wildwood 35,417
21%
Carthage 15,522
20%
Farmington 18,217
20%
Kennett 10,515
20%
Arnold 20,858
19%
Belton 23,953
19%
Eureka 11,646
19%
Raymore 22,941
19%
Webb City 13,031
19%
Fulton 12,600
18%
Neosho 12,590
18%
Bolivar 10,679
17%
Creve Coeur 18,834
17%
Harrisonville 10,121
17%
Moberly 13,783
17%
Overland 15,955
17%
Webster Groves 24,010
17%
Excelsior Springs 10,553
16%
Hazelwood 25,458
16%
Marshall 13,806
16%
Grain Valley 15,627
14%
Jennings 12,895
14%
Kearney 10,404
14%
Smithville 10,406
13%
Town and Country 11,640
12%
Bridgeton 11,445
11%
St. Ann 13,019
10%
Dardenne Prairie 12,743
9%
Bellefontaine Neighbors 10,740
8%
Crestwood 12,404
8%
No matching quizzes found
Score Distribution
Percent of People with Each Score
Percentile by Number Answered
Your Score History
You have not taken this quiz